000 00325nam a2200133 a 4500
005 20141022141959.0
008 120229s19uu xx 00 eng d
050 _aCD-ROM
_bW85 2004
100 _aWood, Julia T.
245 _aCommunication mosaics /
_cJulia T. Wood.
250 _a3rd ed.
260 _c2004.
942 _cAVM
999 _c276173
_d276173